MERGERS, ACQUISITIONS AND CORPORATE RESTRUCTUING (Record no. 8042)

MARC details
000 -LEADER
fixed length control field 00453nam a22001697a 4500
005 - DATE AND TIME OF LATEST TRANSACTION
control field 20221215132556.0
008 - FIXED-LENGTH DATA ELEMENTS--GENERAL INFORMATION
fixed length control field 221215b |||||||| |||| 00| 0 eng d
020 ## - INTERNATIONAL STANDARD BOOK NUMBER
ISBN 978-93-5202-990-7
041 ## - LANGUAGE CODE
Language code of text/sound track or separate title eng
082 ## - DEWEY DECIMAL CLASSIFICATION NUMBER
Classification number 658.162
100 ## - MAIN ENTRY--AUTHOR NAME
Personal name SINHA , Dr. PRADIP KUMAR
245 ## - TITLE STATEMENT
Title MERGERS, ACQUISITIONS AND CORPORATE RESTRUCTUING
250 ## - EDITION STATEMENT
Edition statement 1st ed.
260 ## - PUBLICATION, DISTRIBUTION, ETC. (IMPRINT)
Place of publication MUMBAI
Name of publisher HIMALAYA PUBLISING HOUSE
Year of publication 2021
300 ## - PHYSICAL DESCRIPTION
Number of Pages 411;P.
942 ## - ADDED ENTRY ELEMENTS (KOHA)
Koha item type Books
Holdings
Lost status Damaged status Collection code Home library Current library Shelving location Date acquired Source of acquisition Cost, normal purchase price Full call number Accession Number Koha item type
    MANAGEMENT JRU Library JRU Library SHELF-71-N 06/10/2022 DONATED 540.00 658.162 26862 Books